000 00941nam a2200289Ia 4500
001 Para_8958
003 CHAP
008 220125s2005 xx 000 0 und d
010 _a207736
040 _cCHAP
090 _aPA TESIS 1894
100 _aGarcía Vargas, Arcenio
_946703
245 _aPlagas insectiles de mayor importancia económica del cultivo del litchi (Litchi chinensis, Sonn) /
_c por Arcenio García Vargas
260 _aChapingo, Méx. :
_b el autor
300 _a125 h.
502 _aTesis (M.C. Esp. en Protección Vegetal) UACh. Departamento Parasitología Agrícola
650 _aLitchi chinensis
_x plagas
_9174224
650 _aPlagas
_9143593
710 _aUACh. Departamento Parasitología Agrícola
_9164025
901 _aPA TESIS 1894
902 _aA
905 _a0000002005 a 0000000000 00
910 _a2005
942 _cPARA
942 _cPARA
_d1
999 _c207736
_d207736